| 000 | 01251 a2200229 4500 | ||
|---|---|---|---|
| 001 | 40772 | ||
| 005 | 20260407155703.0 | ||
| 008 | 260407a2013 arg spa d | ||
| 003 | AR-UNSa-BCEJYS | ||
| 040 |
_aAR-UNSa-BCEJYS _bspa _cAR-UNSa-BCEJYS |
||
| 080 |
_a338.23:336.74 _xPolítica monetaria |
||
| 245 | 1 | 0 | _aOpen economy macroeconomics in developing countries |
| 020 | _a978-0-262-01890-6 | ||
| 264 | 1 |
_aCambridge : _bThe MIT Press _c2013 |
|
| 300 |
_ax, 898 p. _c23 cm. |
||
| 505 | _a1. The basic intertemporal model - 2. Capital markets imperfections - 3. Intertemporal prices - 4. Non-tradable goods and relative prices - 5. The basic monetary model - 6. The monetary approach to the balance of payments - 7. Temporary policy - 8. Sticky prices - 9. Interest rate policy - 10. Optimal fiscal and monetary policy in the open economy - 11. Optimal exchange rate regimes - 12. Real anchors - 13. Stopping high inflation - 14. Capital inflows - 15. Dollarization - 16. Balance of payment crises - 17. Financial crises | ||
| 041 | _aspa | ||
| 942 | _cBK | ||
| 590 | _aniveau_biblio:m niveau_hierar:0 | ||
| 100 | 1 | _aVégh Gramont, Carlos A. | |
| 856 | 4 | 1 |
_uhttps://biblioeco.unsa.edu.ar/pmb/images/libros/L126239.jpg _yImagen de portada _qimage/jpeg |
| 999 |
_c3302 _d3302 |
||